| 000 | 01081nam a2200217 a 4500 | ||
|---|---|---|---|
| 001 | 55677 | ||
| 005 | 20180714051104.0 | ||
| 008 | 140415s1976 sp 000 0 spa d | ||
| 020 | _a9788425410383 | ||
| 041 | _aspa | ||
| 082 |
_a128 _bCOR |
||
| 100 | 1 | _aCORETH, EMERICH | |
| 245 | 1 | 0 |
_a¿QUE ES EL HOMBRE? : _bESQUEMA DE UNA ANTROPOLOGIA FILOSOFICA |
| 250 | _a1a ed. | ||
| 260 |
_aESPAÑA : _bHERDER, _c1976 |
||
| 300 |
_a180 _c14 x 1.5 x 21.1 |
||
| 520 | _aLA ANTROPOLOGIA SE PROPONE DAR UNA TEORIA COHERENTE DEL SER HUMANO Y SUS ATRIBUTOS. LA ANTROPOLOGIA DE CORETH, DE CORTE NEOESCOLASTICO, SE CONFRONTA CON EL PROBLEMA DE LA PLURALIDAD DE PLANTEAMIENTOS CIENTIFICOS Y CON LAINELUDIBLE UNIDAD DE LA PERSPECTIVA TIPICAMENTE FILOSOFICA: MAS EN CONCRETO, INTENTA UNA REINTERPRETACION, DESDE LA MODERNIDAD, DE LA TEMATICA CLASICA SOBRE EL SER HUMANO QUE SURGE EN PLATON Y ARISTOTELES Y QUE SE CONTINUA A TRAVES DE LA FILOSOFIA OCCIDENTAL HASTA NUEST | ||
| 650 | 1 | 4 | _aANTROPOLOGIA FILOSOFICA |
| 700 | 1 |
_aGANCHO, CLAUDIO _etr. |
|
| 740 | _aWAS IS DER MENSCH? | ||
| 999 |
_c55677 _d55677 |
||